|
|
|
|
| LEADER |
00000cam a22000004a 4500 |
| 001 |
musev2_8243 |
| 003 |
MdBmJHUP |
| 005 |
20230905040932.0 |
| 006 |
m o d |
| 007 |
cr||||||||nn|n |
| 008 |
061211s2007 hiu o 00 0 eng d |
| 010 |
|
|
|z 2006101062
|
| 020 |
|
|
|a 9780824862084
|
| 020 |
|
|
|z 0824862082
|
| 020 |
|
|
|z 9780824830762
|
| 035 |
|
|
|a (OCoLC)256468570
|
| 040 |
|
|
|a MdBmJHUP
|c MdBmJHUP
|
| 041 |
1 |
|
|a eng
|h kor
|
| 050 |
0 |
4 |
|a BQ2240.V355
|b W6613 2007
|
| 082 |
0 |
|
|a 294.3/42042
|2 22
|
| 100 |
0 |
|
|a Wŏnhyo,
|d 617-686.
|
| 240 |
1 |
0 |
|a Kŭmgang sammaegyŏng non.
|l English
|
| 245 |
1 |
0 |
|a Cultivating Original Enlightenment /
|c translated with an introduction by Robert E. Buswell Jr.
|
| 264 |
|
1 |
|a Honolulu :
|b University of Hawaiʻi Press,
|c 2007.
|
| 264 |
|
3 |
|a Baltimore, Md. :
|b Project MUSE,
|c 2012
|
| 264 |
|
4 |
|c ©2007.
|
| 300 |
|
|
|a 1 online resource.
|
| 336 |
|
|
|a text
|b txt
|2 rdacontent
|
| 337 |
|
|
|a computer
|b c
|2 rdamedia
|
| 338 |
|
|
|a online resource
|b cr
|2 rdacarrier
|
| 500 |
|
|
|a Translated from the Korean.
|
| 504 |
|
|
|a Includes bibliographical references (p. 385-409) and index.
|
| 588 |
|
|
|a Description based on print version record.
|
| 630 |
0 |
0 |
|a Jin gang san mei jing
|x Criticism, interpretation, etc.
|v Translations into Korean.
|
| 655 |
|
7 |
|a Electronic books.
|2 local
|
| 710 |
2 |
|
|a Project Muse.
|e distributor
|
| 830 |
|
0 |
|a Book collections on Project MUSE.
|
| 856 |
4 |
0 |
|z Texto completo
|u https://projectmuse.uam.elogim.com/book/8243/
|
| 945 |
|
|
|a Project MUSE - Custom Collection
|
| 945 |
|
|
|a Project MUSE - Archive Complete Foundation
|
| 945 |
|
|
|a Project MUSE - Archive Philosophy and Religion Foundation
|
| 945 |
|
|
|a Project MUSE - Archive Asian and Pacific Studies Foundation
|